00767nam a2200241Ia 450000100060000000300090000600800410001504000130005604000130006904100130008210000160009510000290011124500590014024500340019925000110023326000090024426000140025326000490026730000590031650000780037565000410045365000310049412050IT-RoPAU130308s9999 xx 000 0 und d aIT-RoPAU cIT-RoPAU aITALIANO aSingh Kusum gCodice Aut. SPICS: 1217 aControllo di elite e opposizione nell'India che cambia bPolitiche dei Mass Media (Le) a1a ed. aBARI bDe Donato c1980 [1° Ed.:1980 - Ed.Ling.Originale:1977] a"12 p. (prefazione: no ; testo: 12 [pagine: 291-302])" aStampa Film Radio Televisione Sviluppo Economico ed Elites Programmazione aPOLITICA DELLA COMUNICAZIONE SOCIALE eCodice materia Spics: 3803